Pays européens à croissance démographique positive en 2100 - Statistiques

Statistiques générales
  • Ce quiz a été pris 185 fois
    136 depuis la dernière actualisation
  • Le résultat moyen est 9 sur 13
Statistiques - réponses
Taux de croissance
de la population
Pays % Correct
+0.27% Suéde
84%
+0.32% Norvége
83%
+0.08% Belgique
82%
+0.01% Allemagne
78%
+0.32% Suisse
78%
+0.66% Monaco
75%
+0.20% Danemark
74%
+0.48% Luxembourg
73%
+0.30% Liechtenstein
71%
+0.11% Royaume-Un
66%
+0.13% Cité du Vatican
65%
+0.09% République Tchéque
60%
+0.00% San Marino
9%
Aucun quiz correspondant
Distribution des résultats
% des personnes avec chaque résultat
Percentile par nombre de réponses
Votre historique - résultats
Vous n’avez pas pris ce quiz depuis la dernière actualisation